Beyoncé Lyrics Quiz - Statistics

General Stats
  • This quiz has been taken 479 times
  • The average score is 5 of 9
Answer Stats
Lyrics Answer % Correct
Vogue says thinner is better Pretty Hurts
73%
Tennis shoes don't even need to buy a new dress Crazy In Love
70%
I'm known to walk alone, but I'm alone for a reason Upgrade U
67%
Your love as bright as ever, even in the shadows XO
67%
Clouds filled with stars cover the skies Sweet Dreams
58%
If you're keeping your promise, I'm keeping mine Jealous
48%
You are my heaven on Earth Ave Maria
32%
Don't need to buy a diamond key to unlock my heart Hello
32%
It's not worth the drama Beautiful Liar
29%
No matching quizzes found
Score Distribution
Percent of People with Each Score
Percentile by Number Answered
Your Score History
You have not taken this quiz